|
|
|
|
| LEADER |
01198nam a2200301 u 4500 |
| 001 |
10026960 |
| 003 |
upatras |
| 005 |
20210117205955.0 |
| 008 |
960112s1987 ge eng |
| 020 |
|
|
|a 3540186530
|
| 040 |
|
|
|a GR-PaULI
|c GR-PaULI
|
| 041 |
0 |
|
|a eng
|
| 082 |
0 |
4 |
|a 523
|
| 245 |
1 |
0 |
|a Cool stars, stellar systems, and the sun
|b proceedings of the Fifth Cambridge Workshop on Cool Stars, Stellar Systems, and the Sun, held in Boulder, Colorado, July 7-11, 1987
|c J. L. Linsky, R. E. Stencel (Eds.)
|
| 260 |
|
|
|a Berlin
|b Springer Verlag
|c 1987
|
| 300 |
|
|
|a xiii, 537 p.
|b fig.
|
| 490 |
0 |
|
|a Lecture notes in physics
|v 291
|
| 504 |
|
|
|a Includes references and index
|
| 650 |
|
4 |
|a Αστροφυσική
|9 125
|
| 650 |
|
4 |
|a Κοσμολογία
|9 285
|
| 700 |
1 |
|
|a Linsky, J. L.
|4 edt
|9 152740
|
| 700 |
1 |
|
|a Stencel, R. E.
|4 edt
|9 152741
|
| 760 |
0 |
|
|a Lecture notes in physics
|g 291
|
| 852 |
|
|
|a GR-PaULI
|b ΠΑΤΡΑ
|b ΦΥΣΙΚΟ
|k ΑΕΧ-1
|h 523 LIN
|m 03857
|t 1
|
| 942 |
|
|
|2 ddc
|c BK15
|
| 952 |
|
|
|0 0
|1 0
|4 0
|6 523_000000000000000_LIN
|7 0
|9 197344
|a PHYS
|b PHYS
|d 2016-04-24
|i 03857
|l 0
|o 523 LIN
|r 2016-04-24 00:00:00
|t 1
|w 2016-04-24
|y BK15
|
| 998 |
|
|
|c ΔΡΑΚΟΠΟΥΛΟΥ
|d 2001-07
|
| 999 |
|
|
|c 121153
|d 121153
|